000 01568nam0a2200349 4500
001 RU\NLR\bibl\1027915
005 20250614235834.0
010 _a5-699-18899-1
_bВ пер.
_95100
021 _aRU
_b2006-72375
_93648
035 _a(nilc)RSL-KNO-002967688
035 _a(NLR Aleph) 001015408
090 _a664891
_c664891
100 _a20061107d2006 |||y0rusy50 ca
101 0 _arus
102 _aRU
105 _ay zzzz|||||
106 _ar
200 1 _aГламурные подонки
_e[роман]
_fДенис Полесский
210 _aМосква
_cЭксмо
_d2006
_eМожайск (Моск.обл.)
_gМожайский полиграфкомбинат
215 _a378,[1] с.
_cил.
_d20
225 1 _aБойfriend
610 0 _aФилологические науки. Художественная литература -- Российская Федерация -- Русская литература -- с сер. 50-х гг. 20 в. -- Произведения художественной литературы -- Художественная проза -- Романы. Повести. Рассказы -- Приключенческие и детективные романы, повести, рассказы
686 _aШ5(2=Р)75-644.6
_2rubbk
686 _aШ6(2=Р)75-446
700 1 _aПолесский
_bД.
_gДенис
_4070
801 0 _aRU
_bРКП
_c20061107
_grcr
801 1 _aRU
_bРГБ
_c20061107
801 2 _aRU
_bNLR
_c20061226
_grcr
942 _cBOOK
980 _aNB